Score 0/18 Timer 02:00
4 Plays Today
Hint Answer % Correct
Celebrity #1Moore
95%
Celebrity #1Mary
93.5%
Celebrity #2Hoffman
92.1%
Celebrity #6Daniel
88.8%
Celebrity #5Carter
88.2%
Celebrity #6Day
84.5%
Celebrity #3Jennifer
78.6%
Celebrity #3Jason
78.3%
Celebrity #1Tyler
77.1%
Hint Answer % Correct
Celebrity #3Leigh
75.9%
Celebrity #6Lewis
75.1%
Celebrity #4Patrick
73.2%
Celebrity #4Neil
72.1%
Celebrity #2Seymour
67.4%
Celebrity #4Harris
67.2%
Celebrity #2Philip
66%
Celebrity #5Bonham
50.3%
Celebrity #5Helena
48.5%

Today's Daily Dose

Missing Word
1900s A-Z

Word Ladder
Space Firsts

Quick Pick
Salsa

Get the Picture
Body Systems

Remove Ads.
Support Sporcle.
Get the best of Sporcle when you Go Orange. This ad-free experience offers more features, more stats, and more fun while also helping to support Sporcle. Thank you for becoming a member.

You're not logged in!

Compare scores with friends on all Sporcle quizzes.
OR
Log In

Show Comments

Extras

Top Quizzes Today


Score Distribution

Your Account Isn't Verified!

In order to create a playlist on Sporcle, you need to verify the email address you used during registration. Go to your Sporcle Settings to finish the process.

Report this User

Report this user for behavior that violates our Community Guidelines.

Details: